| 000 | 01883nam0a22002771 4500 | ||
|---|---|---|---|
| 001 | rc\3731811 | ||
| 005 | 20260406083510.0 | ||
| 021 |
_aRU _b[74-100990] |
||
| 035 | _a(NLR Aleph) 007779898 | ||
| 090 |
_a7557919 _c7557919 |
||
| 100 | _a20130115d1974 |||y0rusy50 ca | ||
| 101 | 1 |
_arus _cbel |
|
| 102 | _aRU | ||
| 105 | _aa z |||a| | ||
| 200 | 1 |
_aРаздумья в пути _eПовести и рассказы _fАвториз. пер. с белорус. А. Чесноковой |
|
| 210 |
_aМосква _cСов. писатель _d1974 |
||
| 215 |
_a335 с. _cил. _d20 |
||
| 327 | 1 | _aСодерж.: Повести: Третий лишний; Путешествие в Рослики; Рассказы: Зажинки; Находка на чердаке; Присяга; Шрам на щеке; Гость; Запах липового цвета; Пасынок; Желанное видение; Стон в лесу; Сын; Дедушка и внучка; На Свитязи | |
| 464 | 0 |
_12001#$aТретий лишний$eПовесть$aПутешествие в Рослики$eПовесть$aЗажинки$eРассказ$aНаходка на чердаке$eРассказ$aПрисяга$eРассказ$aШрам на щеке$eРассказ$aГость$eРассказ$aЗапах липового цвета$eРассказ$aПасынок$eРассказ$aЖеланное видение$eРассказ$aСтон в лесу$eРассказ$aСын$eРассказ$aДедушка и внучка$eРассказ$aНа Свитязи$eРассказ _tНа Свитязи |
|
| 700 | 1 |
_7ca _8rus _aСоболенко _bР. К. _f1907-1975 _gРоман Карпович _3RU\NLR\AUTH\770278255 _92650222 |
|
| 702 | 1 |
_aЧеснокова _bА. _4730 |
|
| 801 | 0 |
_aRU _bNLR _gpsbo |
|
| 801 | 1 |
_aRU _bELAR _2rusmarc |
|
| 852 |
_aNLR _j74-3/6178 |
||
| 942 | _cBOOK | ||
| 980 | _aNB | ||